000 01274nam a22004097a 4500
001 0005754
003 KOHA_MİRAKIL
005 20260207001456.0
007 ta
008 111222b2003 tu |||gr||||#||||0|tur |
020 _a9756589205
_c0,01
040 _aTR-BiSEU
_btur
_cTR-BiSEU
_erda
041 0 _atur
044 _ctu
050 _aHD58.7
_b.K85 2003
245 0 _aKültür ve değişim/
_cçeviren Ahmet Kardam.
264 1 _aİstanbul :
_bMESS
_c2003
300 _a176 sayfa
336 _ametin
_btxt
_2rdacontent
337 _aaracısız
_bn
_2rdamedia
338 _acilt
_bnc
_2rdacarrier
490 1 _aTürkiye Metal Sanayicileri Sendikası ;yayın no: 402.
650 0 _aCorporate culture.
_913706
650 0 _aOrganizational behavior.
_93925
650 0 _aCulture.
_99657
650 0 _aOrganizational change.
_98009
650 0 _aIndustrial management.
_94786
650 0 _aEmployee motivation.
_99266
650 0 _aŞirket kültürü.
_913705
650 0 _aKültür.
_99654
650 0 _aÖrgütsel davranış.
_93926
650 0 _aÖrgütsel değişim.
_93947
650 0 _aEndütriyel yönetim.
_913943
650 0 _aİşçi güdülemesi.
_99265
830 1 _aTürkiye Metal Sanayicileri Sendikası ;yayın no: 402.
_913944
942 _2lcc
_cBK
999 _c5735
_d5735